000 01378nam a2200421 c 4500
001 2140
003 ES-MaCES
005 20181003125116.0
008 941116s1989 sp ||| | spa d
017 _aBI-2335-89
_bDL
020 _a8425908299
024 7 _a005-89-032-1
_2nipo
035 _aCES19980021553m
040 _aES-MaCES
_bspa
_cES-MaCES
100 1 _aCossío Díaz, José Ramón
_910059
245 1 0 _aEstado social y derechos de prestación
_cJosé Ramón Cossío Díaz ; prólogo de Manuel Aragón
260 _aMadrid
_bCentro de Estudios Constitucionales
_c1989
300 _a294 p.
_c21 cm
490 1 _aColección 'Estudios constitucionales'
500 _aÍndices
541 _cGratuito
650 4 _aderechos económicos y sociales
_929875
650 4 _apolítica social
_927029
650 4 _apolítica económica
_927025
650 4 _aEstado
_927203
650 4 _atribunal constitucional
_927194
650 4 _ajurisprudencia
_928624
650 4 _aconstitución
_927193
650 4 _aEspaña
_926964
650 4 _a1978
_930892
653 1 0 _aDerecho constitucional
700 1 _aAragón Reyes, Manuel
_ecol.
_96412
710 2 _aCentro de Estudios Constitucionales (España)
_eed.
_91859
830 0 _932424
_aEstudios constitucionales
902 _aLIB Libro
942 _2CES
_cBK
_h6.0.3.
999 _c2140
_d2140